Bosnia and Herzegovina: Flags of the Cantons - Statistics

General Stats
  • This quiz has been taken 9 times
  • The average score is 8 of 10
Answer Stats
Picture Answer % Correct
Posavina Canton
100%
Canton 10
83%
Herzegovina-Neretva Canton
83%
Sarajevo Canton
83%
Tuzla Canton
83%
West Herzegovina Canton
83%
Zenica-Doboj Canton
83%
Bosnian-Podrinje Canton Goražde
67%
Una-Sana Canton
67%
Central Bosnia Canton
50%
No matching quizzes found
Score Distribution
Percent of People with Each Score
Percentile by Number Answered
Your Score History
You have not taken this quiz